kluby w których grał Michał Pazdan - Statystyki

Ogólne statystyki
  • Ten quiz został rozwiązany 33 razy
  • Średni wynik to 4 z 7
Statystyki odpowiedzi
Lata w klubie Kluby % Poprawnych
2015-2019 Legia Warszawa
94%
2012-2015 Jagiellonia Białystok
88%
2021-2023 Jagiellonia Białystok
88%
2023= Wieczysta Kraków
76%
2007-2012 Górnik Zabrze
45%
2004-2007 Hutnik Kraków
27%
2019-2021 MKE Ankaragucu
9%
Nie znaleziono quizów pasujących do podanych kryteriów
Rozkład punktacji
Procent ludzi z każdym wynikiem
Percentyl według liczby udzielonych odpowiedzi
Twoja historia wyników
Nie rozwiązałeś tego quizu